Multiple Choice State Quiz – Arkansas - Statistics

General Stats
  • This quiz has been taken 30 times
  • The average score is 8 of 10
Answer Stats
Question Answer % Correct
What is the capital of Arkansas? Little Rock
100%
What famous hypermarket originated from Arkansas? Wal-Mart
91%
What's the demonym for Arkansas? Arkansan
87%
How many major professional sports league teams are in Arkansas? None
87%
What state borders Arkansas? Tennessee
87%
What is the flag of Arkansas?
83%
Which Spanish explorer founded Arkansas first? de Soto, Hernando
83%
The Little Rock Nine is what? A group of 9 African-American students.
74%
Arkansas back in 1860 was what? Slave State
70%
Arkansas' Nickname now is, "The Natural State". What's the old nickname? Land of Opportunity
13%
No matching quizzes found
Score Distribution
Percent of People with Each Score
Percentile by Number Answered
Your Score History
You have not taken this quiz